| 000 | 00847nmm a2200325 a 4500 | ||
|---|---|---|---|
| 003 | AR-BaBNM | ||
| 005 | 20251128202825.0 | ||
| 008 | 086019s1972 ||||||||||||||000 | spa|| | ||
| 040 | _cAR-BaBNM | ||
| 100 | 1 | _aClurman, Harold | |
| 245 | 1 | 0 |
_aTeatro contemporáneo _bde Brecht a Pinter, de Nueva York a Tokio |
| 260 |
_aBuenos Aires _bTroquel _c1972 |
||
| 300 | 0 | _a407 p. | |
| 600 | 1 | 4 | _aCamus, Albert |
| 600 | 1 | 4 | _aGenet, Jean |
| 600 | 1 | 4 |
_aIonesco, Eugène _d1909-1994 |
| 600 | 1 | 4 | _aWeiss, Peter |
| 600 | 1 | 4 | _aBolt, Robert |
| 600 | 1 | 4 | _aO'Neill, Eugene |
| 650 | 4 | _aCRITICA LITERARIA | |
| 650 | 4 | _aACTORES | |
| 650 | 4 | _aPRODUCCION TEATRAL | |
| 650 | 4 | _aCOMEDIA MUSICAL | |
| 650 | 4 | _aVIDA TEATRAL | |
| 653 | 0 | _aTEATRO CONTEMPORANEO | |
| 653 | 0 | _aTEATRO DE VANGUARDIA | |
| 655 | _aLITERATURA | ||
| 942 | _cBK | ||
| 998 | _cisola | ||
| 999 |
_c747 _d747 |
||